Gumstix - Robot esquivador
Gardado en:
| Autor Principal: | |
|---|---|
| Outros autores: | |
| Formato: | Libro |
| Publicado: |
[San José, Costa Rica]
2006
|
| Materias: | |
| Etiquetas: |
Engadir etiqueta
Sen Etiquetas, Sexa o primeiro en etiquetar este rexistro!
|
MARC
| LEADER | 00000nam a2200000Ia 4500 | ||
|---|---|---|---|
| 003 | 010292 | ||
| 005 | 20240129132435.0 | ||
| 008 | 140114s2006 cr a 000 ||s d | ||
| 040 | |c cru CEDI | ||
| 100 | |a Chen Wei, Chi-Lin, 1985- |9 2250 | ||
| 245 | |a Gumstix - Robot esquivador | ||
| 260 | |a [San José, Costa Rica] |c 2006 | ||
| 300 | |a x, 107 hojas; ilustraciones | ||
| 500 | |a Proyecto de graduación (bachillerato en ingeniería eléctrica)--Universidad de Costa Rica. Facultad de Ingeniería. Escuela de Ingeniería Eléctrica | ||
| 501 | |a Profesor Guía de IE-0502 Proyecto Eléctrico: Ing. Federico Ruiz Ugalde, Lic. | ||
| 650 | |x ROBOTICA |x ROBOTS |x PROGRAMACION (COMPUTADORAS ELECTRONICAS) |x INTERFASES GRAFICAS CON EL USUARIO (SISTEMAS PARA COMPUTADORA) |9 4998 | ||
| 700 | |a Ruiz Ugalde, Federico, 1980- |d Director de Proyecto Eléctrico |9 1115 | ||
| 942 | |c TFG |h TFG 5385 |i 010292 |6 TFG_5385_010292000000000 | ||
| 999 | |c 16890 |d 16890 | ||
